関西広域連合の構成自治体 - Statistics

General Stats
  • This quiz has been taken 27 times
  • The average score is 11 of 12
Answer Stats
Answer % Correct
大阪市
100%
京都市
100%
堺市
100%
神戸市
100%
大阪府
92%
京都府
92%
滋賀県
92%
和歌山県
92%
兵庫県
92%
奈良県
92%
徳島県
88%
鳥取県
85%
No matching quizzes found
Score Distribution
Percent of People with Each Score
Percentile by Number Answered
Your Score History
You have not taken this quiz